SURVEYING (Record no. 4551)

MARC details
000 -LEADER
fixed length control field 00472nam a22001817a 4500
008 - FIXED-LENGTH DATA ELEMENTS--GENERAL INFORMATION
fixed length control field 260219b |||||||| |||| 00| 0 eng d
020 ## - INTERNATIONAL STANDARD BOOK NUMBER
ISBN 9788170088837
100 ## - MAIN ENTRY--AUTHOR
Author PUMIA, B.C.
245 ## - TITLE STATEMENT
Title SURVEYING
250 ## - EDITION STATEMENT
Edition statement 17TH
260 ## - PUBLICATION, DISTRIBUTION, ETC. (IMPRINT)
Place of publication NEW-DELHI
Name of publisher LAXMI PUBLICATIONS
Date of publication 2023
300 ## - COLLATION
Pagination XVII,581p.
Other physical details illus
650 ## - TRACINGS
Main Subject SURVEYING
Subdivision (1st) QUANTITY AND SURVEYING
700 ## - ADDITIONAL AUTHOR
Additional Author 2. JAIN, ASHOK K 3. JAIN, ARUN K
942 ## - ADDED ENTRY ELEMENTS (KOHA)
Item type Books
050 ## - LIBRARY OF CONGRESS CALL NUMBER
Classification number TA545
Item number .P86
Holdings
Source of classification or shelving scheme Not for loan Permanent location Current location Date acquired Accession No. Full call number Barcode. Copy number Koha item type
Library of Congress Classification   Samuel Ogbemudia Main Library, University of Abuja Samuel Ogbemudia Main Library, University of Abuja 02/19/2026 2025/69244-45 TA545 .P86 2026-0040 2 Books